Night: a novel.

Saved in:
Bibliographic Details
Main Author: O'Brien, Edna
Format: Book
Language:English
Published: London, Weidenfeld and Nicolson, 1972.
LEADER 00789nam a2200229 4500
001 c000072780
003 CARM
005 00000000000000.0
008 730424s1972 enk 00001 eng
015 |a B72-24960 
019 1 |a 55231663  |z 538910  |z 44822151  |z 22471367  |5 LACONCORD2021 
020 |a 0297995413 
035 |a (OCoLC)624378  |5 LACONCORD2021 
050 0 0 |a PZ4.O129  |b Ni  |a PR6065.B7 
082 0 0 |a 823/.9/14 
100 1 |a O'Brien, Edna. 
245 1 0 |a Night:  |b a novel. 
260 |a London,  |b Weidenfeld and Nicolson,  |c 1972. 
300 |a 151 p.  |c 21 cm. 
852 8 |b CARM  |h A2:AB26B0  |i B02883  |p 0133892  |f BK 
999 f f |i ca975831-318b-559d-89af-690bca49bb80  |s 9b750c25-2ade-57c1-a920-afa263cfa46e 
952 f f |p Can circulate  |a CAVAL  |b CAVAL  |c CAVAL  |d CARM 1 Store  |e B02883  |f A2:AB26B0  |h Other scheme  |i book  |m 0133892